Lecciones de metafísica y ética dictadas en el Colegio Mayor de Nuestra Señora del Rosario (Registro nro. 19970)

Detalles MARC
000 -ENCABEZADO
Número de control [NR] 00609nam a2200181Ia 4500
008 - DE LONGITUD FIJA DE DATOS DE ELEMENTOS - INFORMACIÓN GENERAL
Elementos de longitud fija [NR] 130821s1914 ck gr spa
040 ## - FUENTE DE CATALOGACION [NR]
Agencia de catalogación original [NR] Co-BoUCM
Idioma de catalogación [NR] spa
041 ## - CODIGO DE IDIOMA [R]
Código de idioma para texto/pista de sonido o título separado [R] Español
100 1# - ASIENTO PRINCIPAL--NOMBRE PERSONAL [NR]
Nombre personal [NR] Carrasquilla, Rafael María
Fechas asociadas con el nombre [NR] 1857-1930
245 10 - MENCION DE TITULO [NR]
Título [NR] Lecciones de metafísica y ética dictadas en el Colegio Mayor de Nuestra Señora del Rosario
Mención de responsabilidad, etc. [NR] Rafael Maria Carrasquilla.
260 ## - PUBLICACION, DISTRIBUCION, ETC. (PIE DE IMPRENTA) [R]
Lugar de publicación, distribución, etc. [R] Bogotá (Colombia)
Nombre del editor, distribuidor, etc. [R] La Luz
Fecha de publicación, distribución, etc. [R] 1914
300 ## - DESCRIPCION FISICA [R]
Extensión [R] 324 páginas
650 04 - ASIENTO SECUNDARIO DE MATERIA - TERMINO TEMATICO [R]
Término temático o nombre geográfico como elemento de entrada [NR] Ética
650 04 - ASIENTO SECUNDARIO DE MATERIA - TERMINO TEMATICO [R]
Término temático o nombre geográfico como elemento de entrada [NR] Filosofía
9 (RLIN) 75
650 04 - ASIENTO SECUNDARIO DE MATERIA - TERMINO TEMATICO [R]
Término temático o nombre geográfico como elemento de entrada [NR] Metafísica
9 (RLIN) 19397
942 ## - ELEMENTOS DE ENTRADA AGREGADOS (KOHA)
Tipo de ítem principal el descrito en 300a Libro
Tema principal Filosofía
Edición 1
Parte restante de la signatura top. C17
Sistema de clasificación DEWEY
Clasificación 110
Existencias
Fecha de último préstamo Signatura topográfica Código de barras Última vez visto Ejemplar Price effective from Tipo de ítem Perdido Sistema de clasificación Dañado No prestable Tipo de ítem específico Suprimido Ubicación habitual Ubicación actual Localización Fecha de creación Forma de adquisición Costo Total préstamos
20/09/2010 110 C17 100108081 18/02/2022 Ej.2 03/02/2013 Edición Rosarista   DEWEY     Libro Edición Rosarista   Bodega Bodega Préstamo 4 días después de solicitado 28/02/2010 Donación 26000.00  
17/09/2015 110 C17 100026024 05/12/2025 Ej.1 03/02/2013 Libro   DEWEY     Libro   Claustro Claustro 2do piso 28/02/2003 Donación 500.00 3